LIBRARY ONLINE CATALOGUE

Climate variability and water resources degradation in Kenya : (Record no. 12999)

MARC details
000 -LEADER
fixed length control field 00781nam a22002172 4500
001 - CONTROL NUMBER
control field 0000005930
005 - DATE AND TIME OF LATEST TRANSACTION
control field 20151217155829.0
008 - FIXED-LENGTH DATA ELEMENTS--GENERAL INFORMATION
fixed length control field 070810s xx 000 0 eng d
020 ## - INTERNATIONAL STANDARD BOOK NUMBER
International Standard Book Number 100821365177 :
Terms of availability KES 550
040 ## - CATALOGING SOURCE
Original cataloging agency KABU
Transcribing agency KABU
050 #0 - LIBRARY OF CONGRESS CALL NUMBER
Classification number HD1699
Item number .K4C55
245 10 - TITLE STATEMENT
Title Climate variability and water resources degradation in Kenya :
Remainder of title improving water resources development and management /
Statement of responsibility, etc. by Hezron Mogaka ... [et al.]
260 ## - PUBLICATION, DISTRIBUTION, ETC. (IMPRINT)
Place of publication, distribution, etc. Washington, DC :
Name of publisher, distributor, etc. World Bank,
Date of publication, distribution, etc. 2006.
300 ## - PHYSICAL DESCRIPTION
Extent xviii, 106 p.
650 #0 - SUBJECT ADDED ENTRY--TOPICAL TERM
Topical term or geographic name as entry element Water Resources development
Geographic subdivision Kenya.
-- 0000151161
650 #0 - SUBJECT ADDED ENTRY--TOPICAL TERM
Topical term or geographic name as entry element Water supply
Geographic subdivision Kenya
General subdivision Management.
-- 0000157237
700 1# - ADDED ENTRY--PERSONAL NAME
Personal name Mogaka, Hezron.
-- 0000157238
908 ## - PUT COMMAND PARAMETER (RLIN)
Put command parameter 070810
950 ## - LOCAL HOLDINGS (RLIN)
-- 1
Holdings
Withdrawn status Lost status Source of classification or shelving scheme Not for loan Home library Current library Date acquired Total Checkouts Full call number Barcode Date last seen Price effective from Koha item type
    Library of Congress Classification   Kabarak, Main Campus Kabarak, Main Campus 17/12/2015   HD1699 .K4C55 001914 17/12/2015 17/12/2015 Africana Collection